<?xml version="1.0" encoding="UTF-8"?>
<collection xmlns="http://www.loc.gov/MARC21/slim">
<record>
  <controlfield tag="001">128549</controlfield>
  <controlfield tag="005">20231213131031.0</controlfield>
  <datafield tag="037" ind1=" " ind2=" ">
    <subfield code="a">TAZ-TFM-2023-1208</subfield>
  </datafield>
  <datafield tag="041" ind1=" " ind2=" ">
    <subfield code="a">spa</subfield>
  </datafield>
  <datafield tag="100" ind1="1" ind2=" ">
    <subfield code="a">Romeo García, Ángel</subfield>
  </datafield>
  <datafield tag="242" ind1="0" ind2="0">
    <subfield code="a">Transfer Pricing: An approach from the perspective of auditing</subfield>
  </datafield>
  <datafield tag="245" ind1="0" ind2="0">
    <subfield code="a">Precios de Transferencia: Un enfoque desde la auditoría</subfield>
  </datafield>
  <datafield tag="260" ind1=" " ind2=" ">
    <subfield code="a">Zaragoza</subfield>
    <subfield code="b">Universidad de Zaragoza</subfield>
    <subfield code="c">2023</subfield>
  </datafield>
  <datafield tag="506" ind1=" " ind2=" ">
    <subfield code="a">by-nc-sa</subfield>
    <subfield code="b">Creative Commons</subfield>
    <subfield code="c">3.0</subfield>
    <subfield code="u">http://creativecommons.org/licenses/by-nc-sa/3.0/</subfield>
  </datafield>
  <datafield tag="520" ind1=" " ind2=" ">
    <subfield code="a">Este Trabajo de Fin de Máster (TFM) pretende abordar un fenómeno tan común como controvertido como son los Precios de Transferencia y las implicaciones que éstos pueden tener desde el punto de vista de la auditoría. Para ello, en primer lugar, se explica qué son los precios de transferencia y cómo surgen este tipo de transacciones, que se producen en operaciones entre partes vinculadas, así como el reflejo normativo y legal que las sustenta. &lt;br />En este sentido se abordarán los principales criterios de valoración en las operaciones entre partes vinculadas, pues, al fin y al cabo, asientan las bases sobre las que se deben valorar dichas transacciones, a efectos de una correcta valoración de mercado, y que implícitamente pudieran &lt;br />reflejar otras operativas contables, como aportaciones patrimoniales o dividendos. &lt;br />A continuación, se analizarán en profundidad todos los aspectos que envuelven a los precios de transferencia: Desde su reflejo a nivel informativo, desde el enfoque en sus implicaciones contables y financieras, así como en las obligaciones legales que tiene la empresa en este campo, a través de los modelos internos y oficiales que debe presentar. &lt;br />Finalmente, y en concordancia con el Máster de Auditoría, el autor cerrará dicho trabajo introduciéndose en el trabajo del auditor: qué implicaciones tiene el mismo en la correcta identificación de estos precios de transferencia, y que impacto puede tener en una Auditoría, para la que finalmente plasmará todo su trabajo en el Informe de Auditoría. Desde el contexto personal del autor, concluye la elevada importancia del tema objeto de estudio no solo para las Administraciones Tributarias, sino también para las empresas, y prueba de ello es la elevada confidencialidad con que se tratan estas transacciones, y por las que el autor no ha podido tener acceso a muchas de ellas que se tratan teóricamente y, de aquellas que se exponen prácticamente, parten de premisas extrapolables a su actividad pero en ningún caso exactas, para precisamente preservar la confidencialidad. &lt;br />&lt;br /></subfield>
  </datafield>
  <datafield tag="521" ind1=" " ind2=" ">
    <subfield code="a">Máster Universitario en Auditoría</subfield>
  </datafield>
  <datafield tag="540" ind1=" " ind2=" ">
    <subfield code="a">Derechos regulados por licencia Creative Commons</subfield>
  </datafield>
  <datafield tag="700" ind1=" " ind2=" ">
    <subfield code="a">Martín Vallespín, Emilio</subfield>
    <subfield code="e">dir.</subfield>
  </datafield>
  <datafield tag="700" ind1=" " ind2=" ">
    <subfield code="a">Ceamanos Llorens, Vicente Ángel</subfield>
    <subfield code="e">dir.</subfield>
  </datafield>
  <datafield tag="710" ind1="2" ind2=" ">
    <subfield code="a">Universidad de Zaragoza</subfield>
    <subfield code="b">Contabilidad y Finanzas</subfield>
    <subfield code="c">Economía Financiera y Contabilidad</subfield>
  </datafield>
  <datafield tag="856" ind1="0" ind2=" ">
    <subfield code="f">774976@unizar.es</subfield>
  </datafield>
  <datafield tag="856" ind1="4" ind2=" ">
    <subfield code="s">1494342</subfield>
    <subfield code="u">http://zaguan.unizar.es/record/128549/files/TAZ-TFM-2023-1208.pdf</subfield>
    <subfield code="y">Memoria (spa)</subfield>
  </datafield>
  <datafield tag="909" ind1="C" ind2="O">
    <subfield code="o">oai:zaguan.unizar.es:128549</subfield>
    <subfield code="p">driver</subfield>
    <subfield code="p">trabajos-fin-master</subfield>
  </datafield>
  <datafield tag="950" ind1=" " ind2=" ">
    <subfield code="a"></subfield>
  </datafield>
  <datafield tag="980" ind1=" " ind2=" ">
    <subfield code="a">TAZ</subfield>
    <subfield code="b">TFM</subfield>
    <subfield code="c">ECON</subfield>
  </datafield>
  <datafield tag="999" ind1=" " ind2=" ">
    <subfield code="a">20230925225657.CREATION_DATE</subfield>
  </datafield>
  <datafield tag="951" ind1=" " ind2=" ">
    <subfield code="a">deposita:2023-12-13</subfield>
  </datafield>
</record>
</collection>